Bibliotech academic and specialist publishing - Catalog 1991 - 1996

Сохранить в:
Библиографические подробности
Формат:
Язык:Undetermined
Опубликовано: Australia Anutech Pty 1991
Предметы:
Метки: Добавить метку
Нет меток, Требуется 1-ая метка записи!
Thư viện lưu trữ: Trung tâm Học liệu Trường Đại học Cần Thơ
LEADER 00429nam a2200157Ia 4500
001 CTU_23474
008 210402s9999 xx 000 0 und d
082 |a 017 
082 |b B582 
245 0 |a Bibliotech academic and specialist publishing - Catalog 1991 - 1996 
260 |a Australia 
260 |b Anutech Pty 
260 |c 1991 
650 |a Catalog 
904 |i Truc 
980 |a Trung tâm Học liệu Trường Đại học Cần Thơ